Les oevvres de M. Francois Rabelais Doctvr en medicine (Record no. 8338)

MARC details
000 -CABECERA
campo de control de longitud fija 01097nam a2200301 a 4500
001 - NÚMERO DE CONTROL
campo de control BRCA_8681
005 - FECHA Y HORA DE LA ÚLTIMA TRANSACCIÓN
campo de control 20190320210351.0
008 - DATOS DE LONGITUD FIJA--INFORMACIÓN GENERAL
campo de control de longitud fija 081216s1613----fr-#######---#000-0#fre-#
041 ## - CÓDIGO DE LENGUA
Código de lengua del texto/banda sonora o título independiente fre
044 ## - CÓDIGO DEL PAÍS DE LA ENTIDAD EDITORA/PRODUCTORA
Código MARC del país fr
050 #4 - SIGNATURA TOPOGRÁFICA DE LA BIBLIOTECA DEL CONGRESO
Número de clasificación PQ1681
Número de documento/Ítem .R33
-- 1613
100 1# - ENTRADA PRINCIPAL--NOMBRE DE PERSONA
Nombre de persona Rabelais, M. Francois
9 (RLIN) 21652
245 10 - MENCIÓN DE TÍTULO
Título Les oevvres de M. Francois Rabelais Doctvr en medicine
Mención de responsabilidad, etc. M. Francois Rabelais.
260 ## - PUBLICACIÓN, DISTRIBUCIÓN, ETC.
Lugar de publicación, distribución, etc. Troye
Nombre del editor, distribuidor, etc. Par loys
Fecha de publicación, distribución, etc. 1613
300 ## - DESCRIPCIÓN FÍSICA
Extensión 1 vol. (con varias paginaciones)
Dimensiones 15 cm
500 ## - NOTA GENERAL
Nota general Fondo antiguo
500 ## - NOTA GENERAL
Nota general W-152
500 ## - NOTA GENERAL
Nota general Con ex-libris de: E. Gordon Duft, april 1892
500 ## - NOTA GENERAL
Nota general Incluye prólogo
500 ## - NOTA GENERAL
Nota general Incluye tabla de materias
500 ## - NOTA GENERAL
Nota general Uso de letras capitulares
500 ## - NOTA GENERAL
Nota general Nota de encuadernación: piel sobre cartón, edición de cantos dorados
505 0# - NOTA DE CONTENIDO CON FORMATO
Nota de contenido con formato Contiene: cinq livres de la vie faits & dits heroyques de gargantua & de son fils pantagruel
506 0# - NOTA DE RESTRICCIONES AL ACCESO
Limitaciones de acceso Fondo reservado: para su consulta es necesario credencial de usuario y carta de motivos
650 14 - PUNTO DE ACCESO ADICIONAL DE MATERIA--TÉRMINO DE MATERIA
Término de materia o nombre geográfico como elemento de entrada Medicina
Término indicativo de función/relación Trabajos anteriores a 1800
9 (RLIN) 8143
902 ## - CATALOGADOR
Iniciales LAR
942 ## - ELEMENTOS DE PUNTO DE ACCESO ADICIONAL (KOHA)
Fuente del sistema de clasificación o colocación Library of Congress Classification
Tipo de ítem Koha Libros
Holdings
Estado de retiro Estado de pérdida Estado dañado No para préstamo Localización permanente Ubicación/localización actual Fecha de adquisición Número de inventario Total de préstamos Signatura topográfica completa Código de barras Fecha visto por última vez Precio válido a partir de Tipo de ítem Koha
El ejemplar forma parte de la colección y puede ser consultado según las políticas vigentes.       Biblioteca del Museo Franz Mayer (Rogerio Casas-Alatriste) Biblioteca del Museo Franz Mayer (Rogerio Casas-Alatriste) 08/12/2016 W-152   PQ1681 .R33 1613 (W-152) LAR00178 22/03/2019 22/03/2019 Libros